| Registos Bibliográficos associados ao registo de autoridade |
|
Etiqueta de registo: 00254nam 2200025 450 001 2286746 003 http://id.bnportugal.gov.pt/bib/catbnp/2286746 100 ## $a20260522d1735 m y0pory01030103ba 101 0# $afre 102 ## $aNL 105 ## $aa z 000yy 106 ## $ar 200 1# $a Les Prouinciales, ou Lettres ecrites par Louis de Montalte a un prouincial de ses
amis, Et aux RR. PP. Jesuites sur la Morale & la Politique de ces Peres$fauec les notes de Guillaume Wendrock, traduites en François$hTome premier [-troisieme] 205 ## $aNouuelle edition, Revue, corrigé & augmentée 210 #9 $aA Amsterdam$cchez J. Fr. Bernard,$d1735 215 ## $a3 v.$cil.$d12º (15 cm) 303 ## $aMenção de ed. antecede a indicação dos tomos 304 ## $aLouis de Montalte é pseud. de Blaise Pascal 304 ## $aGuillaume Wendrock é pseud. de Pierre Nicole 307 ## $aNo anterrosto do tomo 1, grav. alegórica; no anterrosto do tomo 2, retrato de Pascal;
no anterrosto do tomo 3, retrato de Nicole 314 ## $aSegundo a bibliogr., a tradução é de Françoise-Marguerite Joncoux e de Jean Louail 317 ## $aPert. na f. de rosto de cada tomo: "Da Livraria de S. Frco. de Xabregas" (carimbo)$5PTBN: R. 1881-1883 P. 321 ## $aBnF FRBNF31062578 ; FRBNF31062584 327 11 $aT. 1. - [16], 404 p. - Assin.: *-**//4, A-Z//8, Aa-Bb//8, C//2 ; T. 2. - [12], 376
p. - Assin.: [ ]//2, *//4, A-Z//8, Aa//4 ; T. 3. - [10], 372 p. - Assin.: [ ]//2,
*//3, A-Z//8, Aa//2 518 1# $a Les Provinciales, ou Lettres écrites par Louis de Montalte a un provincial de ses
amis 620 ## $dAmsterdam 700 #0 $aPascal,$f1623-1662$356221 702 #1 $aNicole,$bPierre,$f1625-1695$4340$3646264 702 #1 $aJoncoux,$bFrançoise-Marguerite,$f1668-1715$4730$31999108 702 #1 $aLouail,$bJean,$f1668-1724$4730$31999110 712 02 $aOrdem dos Frades Menores.$bConvento de São Francisco de Xabregas$c(Lisboa)$4390$3470918 801 #0 $aPT$bBN$gRPC 856 40 $2Cópia digital do tomo 1 disponível em Google Books$uhttps://books.google.pt/books?id=Y3c4zf_P8vMC&hl=pt-PT&pg=PP7#v=onepage&q&f=false 856 40 $2Cópia digital do tomo 2 disponível em Google Books$uhttps://books.google.co.id/books?id=DzMTe4MWiCQC&hl=pt-PT&pg=PP11#v=onepage&q&f=false 856 40 $2Cópia digital do tomo 3 disponível em Google Books$uhttps://books.google.pt/books?id=_e8E_g5A4SoC&hl=pt-PT&pg=PP7#v=onepage&q&f=false 966 ## $dT. 1$lBN$mFGMON$sR. 1881 P. 966 ## $dT. 2$lBN$mFGMON$sR. 1882 P. 966 ## $dT. 3$lBN$mFGMON$sR. 1883 P. 971 ## $cpmesqui$d20260522 997 ## $aBIBEOD
Etiqueta de registo: 01327cam 2200313 450 001 637839 003 http://id.bnportugal.gov.pt/bib/catbnp/637839 005 19990105000000.0 095 ## $aPTBN00849471 100 ## $a19970108d1684 k y0pory0103 ba 101 1# $afre$alat$aspa$aita 102 ## $aDE 105 ## $ay z 000yy 106 ## $ar 200 1# $a Les provinciales ou lettres escrittes par Louis de Montalte, a un provincial de
ses amis & aux RR. PP. Jesuites, sur la morale & la politique de ces peres$ftraduites en latin par Guillaume Wendrock theologien de Saltzbourg, en Espagnol par
le Sr. Gratien Cordero, de Burgos, et en Italien par le Sr. Cosimo Brunetti... 210 #9 $aA Cologne$cchez Balthasar Winfelt,$d1684 215 ## $a[40], 613 p.$d8º (20 cm) 304 ## $aLouis de Montalte é pseud. de Blaise Pascal, Guillaume Wendrock é pseud. de Pierre
Nicole 306 ## $aLugar de impressão falso, verdadeiro será Amesterdão, cfr. bibliografia 307 ## $aF. de rosto impressa a preto e vermelho 307 ## $aTexto impresso a 2 colns. 307 ## $aTexto paralelo em latim, italiano, espanhol e francês 307 ## $aIniciais e frisos xilogr. 317 ## $aPert. manuscrita na f. de rosto: "Thomas Berttmann[?.] Cl. Reg. Genova 16 Agosto 1704"$5PTBN: P. 1872 P. 321 1# $aPalau (2ª ed) 213814 321 1# $aICCU IT\ICCU\NAPE\004907 321 1# $aBMC 163,43 321 1# $aBrunet IV 396 321 1# $aNUC NP 123498 321 1# $aIberian Books C91249 [114138] 517 1# $aLettres escrittes par Louis de Montalte, a un provincial de ses amis & aux RR. PP.
Jesuites, sur la morale & la politique de ces peres 620 ## $dColónia 700 #0 $aPascal,$f1623-1662$356221 702 #1 $aNicole,$bPierre,$f1625-1695$4730$3646264 702 #1 $aCordero,$bGracián$4730$3237084 702 #1 $aBrunetti,$bCosimo,$fca. 1620-ca. 1680$4730$3237086 702 #1 $aWinfelt,$bBalthasar,$cimpressor fictício,$ffl. 1684-1692$4610$3237087 801 #0 $aPT$bBN$gRPC 856 40 $2Cópia digital disponível em Österreichische Nationalbibliothek$uhttp://data.onb.ac.at/ABO/%2BZ205095707 856 42 $zFolha de rosto$uhttp://patrimonia.porbase.org/hg-2883-p/hg-2883-p_y-01_rosto_t24-C-R0150.jpg$2Folha de rosto 966 ## $lBN$mFGMON$sH.G. 2883 P. 966 ## $lBN$mFGMON$sP. 1872 P. 966 ## $lBN$mRESIMP$sRES. 258 V. 997 ## $aBIBEOD
Etiqueta de registo: 00230nam 2200025 450 001 1724880 003 http://id.bnportugal.gov.pt/bib/catbnp/1724880 100 ## $a20090922d1860 m y0pory0103 ba 101 0# $afre 102 ## $aFR 106 ## $ar 200 1# $aPensées de Pascal précédées de sa vie par Mme. Périer, sa soeur$c suivies d'un choix Des pensées de Nicole 210 #9 $aParis$cLibriarie de Firmin Didot,$d1860 215 ## $aXXXVI, 504 p. 675 ## $a17$vBN$zpor$3288014 675 ## $a141.4$vBN$zpor$3338906 675 ## $a321.01$vBN$zpor$3307088 700 #0 $aPascal,$f1623-1662$356221 701 #1 $aNicole,$bPierre,$f1625-1695$4070$3646264 801 #0 $aPT$bBN$gRPC 966 ## $lBN$mFGMON$sS.A. 54384 P.$x6 997 ## $aBIBEOD
Etiqueta de registo: 00254nam 2200025 450 001 1925012 003 http://id.bnportugal.gov.pt/bib/catbnp/1925012 100 ## $a20160310d1671 m y0pory01030103ba 101 0# $afre 102 ## $aFR 105 ## $ay z 000yy 106 ## $ar 200 1# $aDe l'education d'un prince, divisée en trois parties, dont la derniere contient divers
traittez utiles à tout le monde$f[Pierre Nicole] 210 #9 $aA Paris$cchez la Veuve Charles Savreux, Libraire, au pied de la Tour de Nostre Dame,$d1671 215 ## $a[24], 321 p.$d12º (14 cm) 304 ## $aNome do autor retirado de bibliografia 316 ## $aEncadernação da época em pergaminho rígido$5PTBN: S.A. 928 P. 317 ## $aPert. na última página: «LIVRARIA DE D. FRANC. MANUEL» (carimbo)$5PTBN: S.A. 928 P. 321 1# $aNUC NN 0252664 327 1# $aDiscours de Feu M. Paschal sur la Condition. - P. 205-217 620 ## $dParis 700 #1 $aNicole,$bPierre,$f1625-1695$3646264 702 #1 $aSavreux,$bCharles,$cViúva de,$ffl. 1669-1690?$4610$31638790 702 #1 $aManuel,$bFrancisco de Melo,$f1773-1851$4390$339483 801 #0 $aPT$bBN$gRPC 966 ## $lBN$mFGMON$sS.A. 928 P. 997 ## $aBIBEOD
Etiqueta de registo: 00254nam 2200025 450 001 1936841 003 http://id.bnportugal.gov.pt/bib/catbnp/1936841 100 ## $a20160715d1658 m y0pory01030103ba 101 1# $alat$cfre 102 ## $aDX$aNL 105 ## $ay z 000yy 106 ## $ar 200 1# $aLudouici Montaltii Litterae prouinciales, de Morali & Politica Iesuitarum disciplina$fa Willelmo Wendrockio Salisburgensi Theologo, e Gallicâ in Latinam linguama translatae;
et theologicis notis illustratae... 210 #9 $aColoniae$capud Nicolaum Schouten,$d1658 215 ## $a[32], 608, [4] p.$d8º (19 cm) 304 ## $aLudovicus Montaltius é pseud. de Blaise Pascal 304 ## $aWillelmus Wendrockius é pseud. de Pierre Nicole 306 ## $aPé de imprensa falso: publicado em Leiden por Jean Elzevier (cf. bibliogr.) 307 ## $aAssin.: *-**//8, A-Pp//8, [ ]//2 321 ## $aICCU IT\ICCU\BVEE\078450 500 10 $aLitterae provinciales de Morali et Politica Jesuitarum disciplina 518 1# $aLudovici Montaltii Litterae provinciales, de Morali et Politica Jesuitarum disciplina 620 ## $dColónia 620 ## $dLeiden 700 #0 $aPascal,$f1623-1662$356221 702 #1 $aNicole,$bPierre,$f1625-1695$4730$3646264 702 #1 $aSchouten,$bNicolaes,$ffl. 1658-1704$4610$31651782 702 #1 $aElzevier,$bJean,$f1622-1661$4610$3145373 801 #0 $aPT$bBN$gRPC 856 40 $2Cópia digital disponível em Google Books$uhttps://books.google.pt/books?id=zdXXY8_9qXcC&hl=pt-PT&pg=PP5#v=onepage&q&f=false 966 ## $lBN$mFGMON$sH.G. 2819 P. 966 ## $lBN$mFGMON$sR. 1896 P. 976 ## $d20260526$rpmesqui 997 ## $aBIBEOD
Etiqueta de registo: 00254nam 2200025 450 001 2003069 003 http://id.bnportugal.gov.pt/bib/catbnp/2003069 100 ## $a20181017d1680 m y0pory01030103ba 101 0# $afre 102 ## $aFR 105 ## $ay z 001yy 106 ## $ar 200 1# $aDe l'education d'un prince, divisée en trois parties, dont la derniere contient divers
traittez utiles à tout le monde$f[Sieur de Chanteresne] 210 #9 $aA Lyon$cchez Mathieu Liberal, em rue Merciere à la Bonne-conduite,$d1680 215 ## $a[24], 426, [3, 1 br.] p.$d12º (15 cm) 304 ## $aNome do autor retirado de bibliografia 305 ## $aNa p. de tít.: Avec Approbation et Permission 316 ## $aExemplar com marcas de acção de insectos afectando o texto$5PTBN: S.A. 3487 P. 620 ## $dLyon 700 #1 $aNicole,$bPierre,$f1625-1695$3646264 702 #1 $aLibéral,$bMathieu,$ffl. 1660-1693$4610$31728229 801 #0 $aPT$bBN$gRPC 966 ## $lBN$mFGMON$sS.A. 3487 P. 997 ## $aBIBEOD
Etiqueta de registo: 00254nam 2200025 450 001 2058010 003 http://id.bnportugal.gov.pt/bib/catbnp/2058010 100 ## $a20201023d1723 m y0pory01030103ba 101 0# $afre 102 ## $aFR 105 ## $ay z 000yy 106 ## $ar 200 1# $aInstructions theologiques et morales, sur l'oraison dominicale, la salutation angelique,
la sainte messe, et les autres prieres de l'Eglise$fpar feu Monsieur Nicole 205 ## $aNouvelle edition 210 #9 $aA Paris$cchez Charles Osmont Fils, libraire & imprimeur...,$d1723 215 ## $a[12], 284, [4] p.$d12º (14 cm) 307 ## $aAssin.: [ ]//6, A-Z//6, Aa//6 317 ## $aPert. na f. de rosto: «Bibliotheca do Convento de Varatojo» (carimbo)$5PTBN: VAR. 3500 620 ## $dParis 700 #1 $aNicole,$bPierre,$f1625-1695$3646264 702 #1 $aOsmont,$bCharles,$c[II],$f1688-1730$4610$3966090 712 02 $aOrdem dos Frades Menores.$bMissionários Apostólicos.$bConvento de Santo António$c(Varatojo, Torres Vedras)$4390$353952 801 #0 $aPT$bBN$gRPC 856 40 $2Cópia digital disponível em Google Books$uhttps://books.google.pt/books?id=g9VWAAAAcAAJ&printsec=frontcover&hl=pt-PT&source=gbs_ge_summary_r&cad=0#v=onepage&q&f=false 966 ## $lBN$mFGMON$sVAR. 3500 995 ## $aPRR2024 $d20240625$idfontes
Etiqueta de registo: 00254nam 2200025 450 001 2068038 003 http://id.bnportugal.gov.pt/bib/catbnp/2068038 100 ## $a20210430d1723 m y0pory01030103ba 101 0# $afre 102 ## $aFR 105 ## $ay z 000yy 106 ## $ar 200 1# $aInstructions theologiques et morales, sur le symbole$fpar feu Monsieur Nicole 205 ## $aNouvelle edition 210 #9 $aA Paris$cchez Charles Osmont Fils, libraire & imprimeur...,$d1723 215 ## $a2 vol.$d12º (14 cm) 304 ## $aTítulo no anterosto do 1º vol.: Essais d'Instructions theologiques et morales sur
le symbole 317 ## $aPert. na f. de rosto: «Bibliotheca do Convento de Varatojo» (carimbo)$5PTBN: VAR. 4228-4229 513 1# $aEssais d'Instructions theologiques et morales sur le symbole 620 ## $dParis 700 #1 $aNicole,$bPierre,$f1625-1695$3646264 702 #1 $aOsmont,$bCharles,$c[II],$f1688-1730$4610$3966090 712 02 $aOrdem dos Frades Menores.$bMissionários Apostólicos.$bConvento de Santo António$c(Varatojo, Torres Vedras)$4390$353952 801 #0 $aPT$bBN$gRPC 966 ## $dVol. 1$lBN$mFGMON$sVAR. 4228 966 ## $dVol. 2$lBN$mFGMON$sVAR. 4229
Etiqueta de registo: 00254nam 2200025 450 001 2286670 003 http://id.bnportugal.gov.pt/bib/catbnp/2286670 100 ## $a20260521d1753 m y0pory01030103ba 101 0# $afre 102 ## $aNL 105 ## $ay z 000yy 106 ## $ar 200 1# $a Les Prouinciales, ou Lettres ecrites par Louis de Montalte a un prouincial de ses
amis$fauec les notes de Guillaume Wendrock.$hTome premier [-quatrieme] 205 ## $aNouuelle edition 210 #9 $aA Amsterdam$caux Dépens de La Compagnie,$d1753 215 ## $a4 v.$d12º (15 cm) 303 ## $aMenção de ed. antecede a indicação dos tomos 304 ## $aLouis de Montalte é pseud. de Blaise Pascal 304 ## $aGuillaume Wendrock é pseud. de Pierre Nicole 321 ## $aBnF FRBNF39305101 327 11 $aT. 1. - [16], 329, [3 br.] p. - Assin.: a//6, b//2, A-N//12, O//10 ; T. 2. - [16],
534 p. - Assin.: a//8, A-Y//12, Z//4 ; T. 3. - [12], 431, [1 br.] p. - Assin.: a//6,
A-S//12. - T. 4. - [12], 477, [3 br.] p. - Assin.: a//6, A-V//12 518 1# $a Les Provinciales, ou Lettres écrites par Louis de Montalte a un provincial de ses
amis 620 ## $dAmsterdam 700 #0 $aPascal,$f1623-1662$356221 702 #1 $aNicole,$bPierre,$f1625-1695$4340$3646264 712 02 $aCompagnie$c(Amesterdão)$4610$31385840 801 #0 $aPT$bBN$gRPC 856 40 $2Cópia digital do tomo 1 disponível em Google Books$uhttps://books.google.pt/books?id=LgR_tQLkdi8C&hl=pt-PT&pg=PP7#v=onepage&q&f=false 856 40 $2Cópia digital do tomo 2 disponível em Google Books$uhttps://books.google.pt/books?id=FbhmAAAAcAAJ&hl=pt-PT&pg=PP11#v=onepage&q&f=false 856 40 $2Cópia digital do tomo 3 disponível em Google Books$uhttps://books.google.co.mz/books?id=oYgHTyZrEggC&hl=pt-PT&pg=PP9#v=onepage&q&f=false 856 40 $2Cópia digital do tomo 4 disponível em Google Books$uhttps://www.google.pt/books/edition/Les_Provinciales_ou_lettres_%C3%A9crites_par/u_jAryaIWXQC?hl=pt-PT&gbpv=1&pg=PP9&printsec=frontcover 966 ## $dT. 1$lBN$mFGMON$sR. 1876 P. 966 ## $dT. 2$lBN$mFGMON$sR. 1877 P. 966 ## $dT. 3$lBN$mFGMON$sR. 1878 P. 966 ## $dT. 4$lBN$mFGMON$sR. 1879 P. 971 ## $cpmesqui$d20260521 997 ## $aBIBEOD
Etiqueta de registo: 00254nam 2200025 450 001 2286747 003 http://id.bnportugal.gov.pt/bib/catbnp/2286747 100 ## $a20260522d1659 m y0pory01030103ba 101 0# $afre 102 ## $aDX$aNL 105 ## $ay z 000yy 106 ## $ar 200 1# $a Les Prouinciales ou Les lettres escrites par Louis de Montalte, a vn prouincial
de ses amis, et aux RR. PP. Jesuites$eauec La Theologie Morale des dits Peres & Nouveaux Casuistes: representée par leur
prattique, & par leurs livres: diuisée en cinq parties 210 #9 $aA Cologne$cchez Nicolas Schoute,$d1659 215 ## $a[14], 320, [4], 328, 493, [1] p.$d8º (17 cm) 304 ## $aLouis de Montalte é pseud. de Blaise Pascal 305 ## $aSegundo bibliogr., foi impresso em Leiden por Jean Elzevier 307 ## $aAssin.: *//8, A-V//8, ª//2, A-Y//8, Z//4, a-h//8 314 ## $aEd. literária de Louis de Saint-Amour (cf. bibliogr.) 316 ## $aExemplar enc. em 2 vols, um com Les Provinciales (R. 1884 P.), outro com La theologie
morale des Jesuites (R. 1885 P.)$5PTBN: R. 1884-1885 P. 321 ## $aBnF FRBNF31062556 ; FRBNF44465455 327 11 $aCom f. de rosto e pagin. próprias: La theologie morale des Jesuites, et nouveaux casuistes:
representée par leur prattique, & par leurs livres... - A Cologne : chez Nicolas Schoute,
1659. - [4], 328, 493, [1] p. 517 1# $a La theologie morale des Jésuites 518 1# $a Les Provinciales, ou Lettres écrites par Louis de Montalte a un provincial de ses
amis 620 ## $dColónia 620 ## $dLeiden 700 #0 $aPascal,$f1623-1662$356221 702 #1 $aNicole,$bPierre,$f1625-1695$4080$3646264 702 #1 $aSaint-Amour,$bLouis de,$f1619-1687$4340$31999117 702 #1 $aSchouten,$bNicolaes,$ffl. 1658-1704$4610$31651782 702 #1 $aElzevier,$bJean,$f1622-1661$4610$3145373 801 #0 $aPT$bBN$gRPC 856 40 $2Cópia digital disponível em Google Books$uhttps://books.google.pt/books?id=x4Ndw_DOXlUC&hl=pt-PT&pg=PP5#v=onepage&q&f=false 966 ## $dLes Provinciales$lBN$mFGMON$sR. 1884 P. 966 ## $dLa theologie morale$lBN$mFGMON$sR. 1885 P. 971 ## $cpmesqui$d20260522 997 ## $aBIBEOD
|
|
|